| 000 | 00339nam a2200121Ia 4500 | ||
|---|---|---|---|
| 008 | 220216s9999 xx 000 0 und d | ||
| 100 | _aHofmann W | ||
| 245 | 2 | _aA Contribution for production vulcanizates free of N-Nitrosamines | |
| 260 |
_bKautschuk Gummi Kunststoffe _c1992 |
||
| 300 | _a642-643 | ||
| 650 | _aN-nitrosamine | ||
| 942 | _cJS | ||
| 999 |
_c53319 _d53319 |
||